The grammatical structures of English and Spanish
Kaydedildi:
| Yazar: | |
|---|---|
| Materyal Türü: | Kitap |
| Dil: | Undetermined |
| Baskı/Yayın Bilgisi: |
Chicago, Estados Unidos
The University of Chicago Press
1970
|
| Konular: | |
| Etiketler: |
Etiketle
Etiket eklenmemiş, İlk siz ekleyin!
|
MARC
| LEADER | 00000nam a2200000Ia 4500 | ||
|---|---|---|---|
| 008 | 170316s9999 xx 000 0 und d | ||
| 090 | |a 415-I S-16g | ||
| 100 | |a Stockwell, Robert | ||
| 245 | 4 | |a The grammatical structures of English and Spanish | |
| 260 | |a Chicago, Estados Unidos | ||
| 260 | |b The University of Chicago Press | ||
| 260 | |c 1970 | ||
| 300 | |a 328 páginas | ||
| 650 | |a GRAMÁTICA INGLESA | ||
| 999 | |c 19528 |d 19528 | ||
| 040 | |a cru BVZT | ||
| 942 | |c 15 D |h 415-I S-16g |2 z | ||
